00824 a2200205 4500020002300000035001300023037004700036082001100083245022400094250001100318260003600329270008900365300003400454700002600488700002000514700002400534700002200558700001600580700002200596 a8186270779c475.00 aB-156761 bRP-ZLS-2425 / PANSY-06-07:3 / RP-06-07:ENG14a615.111 aGATE pharmacyban ideal book to succeed in competitive examinations with several thousand M.C.Qs and match the following type question with answers ..............other competitive examinationscby Mohammed Ali...(et al) a7th ed aDelhibBirla Publicationsc2006 a1/9185, Street No. 5, West Rohtas Nagar, ShahdaracDelhie110032k22323254l22324544 aVarious pagingsc24 cm (pbk) aSiddiqui, Anees Ahmad aMir, Showkat R. aSiddiqui, A. Wadood aRafiullah, M.R.M. aOnkar Singh aBhatt, M. Shibeer